[Event "World Blitz 2022"]
[Site "Almaty KAZ"]
[Date "2022.12.29"]
[Round "5.21"]
[White "Petrosian, TL."]
[Black "Tabatabaei, M."]
[Result "1-0"]
[WhiteElo "2551"]
[BlackElo "2660"]
[PlyCount "183"]
[EventDate "2022.12.29"]
[EventType "blitz"]

1. Nf3 d5 2. g3 Nc6 3. Bg2 e5 4. d3 Nf6 5. O-O Be7 6. c3 O-O 7. Qc2 a5 ({RR} 7... Re8 8. e4 h6 9. h3 Bf8 10. Re1 Be6 11. Nbd2 Qd7 12. Kh2 Rad8 13. Nb3 a5 14. Be3 dxe4 15. dxe4 Qd3 16. Qxd3 Rxd3 17. Bf1 Rdd8 18. Nc5 Bc8 19. Bb5 Nd7 20. Bxc6 bxc6 21. Nxd7 Rxd7 22. Red1 {Bartel,M (2624)-Hammer,J (2682) Chess.com INT 2015 1-0 (70)}) 8. e4 ({RR} 8. Nbd2 Be6 9. e4 Qd7 10. Re1 dxe4 11. dxe4 Rfd8 12. Bf1 Bc5 13. Nb3 Bb6 14. Be3 Bxe3 15. Rxe3 Qe7 16. Rd1 Rxd1 17. Qxd1 a4 18. Nc1 Qc5 19. Nd3 Qd6 20. Qb1 h6 21. Nde1 Ng4 22. Rd3 Qc5 {Mulay,P (2057)-Kholopov,A (2133) Paracin SRB 2025 ½-½}) 8... Re8 9. Re1 $146 ({RR} 9. Nbd2 Bf8 10. Re1 a4 11. Rb1 d4 12. a3 Nd7 13. cxd4 exd4 14. b4 axb3 15. Nxb3 Bxa3 16. Ra1 Qe7 17. Nbxd4 Nxd4 18. Nxd4 Ne5 19. Bd2 Bd7 20. Nf5 Qc5 21. Qb3 Be6 22. d4 Bxb3 23. dxc5 Bxc5 {Pap,G (2496)-Baumegger,S (2414) Chur 2010 1-0 (41)}) 9... Bf8 10. h3 h6 11. Nbd2 Be6 12. Nf1 a4 13. g4 Nd7 14. Ng3 g6 15. Be3 Kh7 16. exd5 Bxd5 17. Ng5+ hxg5 18. Bxd5 f6 19. d4 exd4 20. Bxd4 Rxe1+ 21. Rxe1 Nde5 22. Bxe5 Nxe5 23. Bxb7 Rb8 24. Rd1 Qe8 25. Bg2 Qb5 26. Rd2 Qc4 27. Bd5 Qc5 28. Ne4 Qe7 29. Ng3 Kg7 30. Be4 Qc5 31. Rd5 Qc4 32. Rxe5 fxe5 33. Bxg6 Bc5 34. Bd3 Qf7 35. Nf5+ Kh8 36. Qe2 e4 37. Qxe4 Re8 38. Qc6 Bd6 39. Bc4 Re1+ 40. Kg2 Qe8 41. Qxe8+ Rxe8 42. b4 Be5 43. Nd4 Bxd4 44. cxd4 Re4 45. a3 Rxd4 46. Bb5 Kg7 47. Kg3 Rd1 48. f3 Rg1+ 49. Kf2 Ra1 50. Bxa4 Rxa3 51. Bc6 Kf6 52. Kg3 Ra1 53. h4 gxh4+ 54. Kxh4 Rh1+ 55. Kg3 Rc1 56. b5 Rc3 57. Kh4 Rc1 58. f4 Rc4 59. Kg3 Rc3+ 60. Kf2 Rb3 61. Ke2 Rg3 62. Bf3 Rh3 63. Kf2 Rh2+ 64. Ke3 Rb2 65. Be2 Rb4 66. Bd3 Ke6 67. g5 Ra4 68. Kf3 Ra3 69. Ke4 Ra4+ 70. Ke3 Rb4 71. Kf3 Rb3 72. Ke4 Rb4+ 73. Ke3 Ra4 74. Bf1 Kf5 75. Bh3+ Kg6 76. Bd7 Rb4 77. Kf3 Rb1 78. Be8+ Kg7 79. Kg4 Rg1+ 80. Kf5 Re1 81. Bc6 Kf7 82. Bd5+ Kg7 83. Be4 Re2 84. Ke5 Kf7 85. f5 Rb2 86. Bd5+ Kf8 87. f6 Ke8 88. g6 Re2+ 89. Kd4 Rd2+ 90. Kc4 Rc2+ 91. Kd3 Rc5 92. Ke4 1-0

[Event "World Blitz 2022"]
[Site "Almaty KAZ"]
[Date "2022.12.29"]
[Round "5.63"]
[White "Donchenko, Alexa"]
[Black "Arjun, Kalyan"]
[Result "1-0"]
[WhiteElo "2636"]
[BlackElo "2505"]
[PlyCount "53"]
[EventDate "2022.12.29"]
[EventType "blitz"]

1. Nf3 d5 2. e3 Nf6 3. c4 e6 4. Nc3 Nbd7 5. b3 b6 6. Bb2 Bb7 7. Be2 Bd6 8. Qc2 a6 9. O-O O-O 10. Rac1 Qe7 11. Rfd1 Rfe8 12. d4 Rac8 13. h3 $146 ({RR} 13. Bd3 dxc4 14. bxc4 Bxf3 15. gxf3 e5 16. Ne4 Nxe4 17. Bxe4 Qh4 18. Kg2 exd4 19. f4 Nf6 20. Bf5 Ng4 21. h3 Nf6 22. Bxc8 Rxc8 23. Bxd4 Re8 24. Qf5 Ne4 25. Rf1 Re6 26. Qd5 Rg6+ 27. Kf3 Nf6 {Antoniou,R (2027)-Rosen,E (2361) chess.com INT 2024 0-1 (53)}) 13... h6 14. Qb1 dxc4 15. bxc4 c5 16. d5 exd5 17. Nxd5 Nxd5 18. cxd5 b5 19. a4 c4 20. axb5 axb5 21. Nd4 Qe5 22. g3 c3 23. Rxc3 Rxc3 24. Bxc3 Bxd5 25. Nxb5 Qe6 26. Bg4 Qe4 27. Qxe4 1-0

[Event "World Blitz 2022"]
[Site "Almaty KAZ"]
[Date "2022.12.29"]
[Round "6.41"]
[White "Grischuk, A."]
[Black "Yilmaz, M."]
[Result "1-0"]
[WhiteElo "2745"]
[BlackElo "2617"]
[PlyCount "75"]
[EventDate "2022.12.29"]
[EventType "blitz"]

1. Nf3 d5 2. g3 c5 3. Bg2 Nf6 4. O-O Nc6 5. d3 e5 6. e4 d4 7. a4 Bd6 8. Na3 O-O ({RR} 8... Be6 9. Ng5 Bg4 10. f3 Bh5 11. h4 h6 12. Nh3 Nd7 13. Nf2 g5 14. hxg5 hxg5 15. Bh3 Qe7 16. Kg2 O-O-O 17. Bd2 Kb8 18. Qe2 Nf8 19. Rh1 Ne6 20. Bg4 Bg6 21. Bf5 Rdg8 22. Rxh8 Rxh8 23. Rh1 {Grischuk,A (2775)-Caruana,F (2819) Stavanger 2019 1-0 (48)}) 9. Ng5 $146 ({RR} 9. Qe1 b6 10. Nh4 Bb7 11. f4 Nd7 12. f5 a6 13. f6 Nxf6 14. Bg5 Be7 15. Nf5 Ne8 16. Bd2 Bg5 17. h4 Bxd2 18. Qxd2 Nd6 19. Rf2 Nxf5 20. exf5 f6 21. Re1 Rb8 22. g4 Ne7 23. Qe2 Nd5 {Gundlach,F-Mueller,S Wiesbaden 1990 0-1 (75)}) ({RR} 9. Nh4 a6 10. Bg5 h6 11. Bd2 Be6 12. Nf5 Bxf5 13. exf5 Qd7 14. Qf3 Rab8 15. Nc4 Bc7 16. a5 Ne7 17. Rfe1 Qxf5 18. Nxe5 Qxf3 19. Bxf3 Rfe8 20. Nc4 Ned5 21. Kf1 Kf8 22. Reb1 Bd8 23. b4 Be7 {Rihterovic,M (2177)-Sanjay Narayanan P S (2169) Pozarevac SRB 2025 1-0 (35)}) 9... Rb8 10. f4 a6 11. f5 b5 12. g4 h6 13. Nh3 Nh7 14. Kh1 Be7 15. Bd2 Bh4 16. Ng1 Bg5 17. Nf3 Bxd2 18. Qxd2 Ng5 19. Ng1 Bd7 20. h4 Nh7 21. Nf3 f6 22. Rg1 Kf7 23. Bh3 Rh8 24. axb5 axb5 25. c4 b4 26. Nb5 Ra8 27. Kh2 Ke7 28. Rxa8 Qxa8 29. g5 hxg5 30. hxg5 Nf8 31. gxf6+ gxf6 32. Qg2 Rh7 33. Qg8 Rf7 34. Nc7 Qa2 35. Nd5+ Ke8 36. Rg2 Ne7 37. Nc7+ Kd8 38. Qxf7 1-0

[Event "World Blitz 2022"]
[Site "Almaty KAZ"]
[Date "2022.12.29"]
[Round "6.48"]
[White "Donchenko, Alexa"]
[Black "Vakhidov, J."]
[Result "1-0"]
[WhiteElo "2636"]
[BlackElo "2607"]
[PlyCount "85"]
[EventDate "2022.12.29"]
[EventType "blitz"]

1. Nf3 g6 2. g3 Bg7 3. d4 Nf6 4. Bg2 O-O 5. O-O d6 6. b3 e5 7. dxe5 dxe5 8. Ba3 Qxd1 9. Rxd1 Re8 10. Nc3 e4 11. Ng5 ({RR} 11. Nd4 a6 12. e3 Bg4 13. Rd2 h5 14. h3 Bd7 15. Rad1 Nc6 16. Nxc6 Bxc6 17. Ne2 b6 18. Bb2 Nh7 19. Bxg7 Kxg7 20. Rd4 Ng5 21. Nf4 Rac8 22. Rc4 Bb5 23. Rcd4 Bc6 24. h4 Nf3+ 25. Bxf3 exf3 {Demchenko,A (2654)-Korobov,A (2699) Warsaw 2021 1-0 (44)}) ({RR} 11. Nd2 e3 12. fxe3 Ng4 13. Nd5 Na6 14. Rab1 Nxe3 15. Nxe3 Rxe3 16. Nc4 Re8 17. Na5 Rb8 18. Bf3 Bf8 19. Bxf8 Kxf8 20. b4 c6 21. b5 cxb5 22. Rxb5 b6 23. Nc6 Rb7 24. c4 Rc7 25. a4 Bd7 {Pajeken,J (2426)-Perez Ponsa,F (2528) chess.com INT 2025 0-1 (58)}) 11... e3 $146 ({RR} 11... Bf5 12. Nb5 Na6 13. Rac1 h6 14. Nh3 g5 15. f4 g4 16. Nf2 Rad8 17. h3 h5 18. Rxd8 Rxd8 19. hxg4 hxg4 20. Rd1 Rxd1+ 21. Nxd1 Nd5 22. c4 Ndb4 23. Nxc7 Nc2 24. Nxa6 Nxa3 25. Nb4 Nb1 26. Kf2 {Batsiashvili,N (2474)-Vantika,A (2430) Kolkata IND 2023 1-0 (58)}) ({RR} 11... Bf5 12. Rab1 a6 13. h4 Nc6 14. Nh3 Rad8 15. Rxd8 Rxd8 16. Rd1 Rxd1+ 17. Nxd1 Nd4 18. Ne3 Nxe2+ 19. Kf1 Nd4 20. Nxf5 Nxf5 21. Ng5 Nd4 22. c3 Nb5 23. Bb4 Bf8 24. Nxe4 Nxe4 25. Bxe4 Bxb4 26. cxb4 {Donchenko,A (2638)-Perske,T (2450) chess.com INT 2024 ½-½ (49)}) 12. f4 c6 13. Rab1 Bf5 14. Rbc1 Nbd7 15. h3 h5 16. Nf3 Nb6 17. Nd4 Be4 18. Nxe4 Nxe4 19. Bxe4 Rxe4 20. Nf3 Nd5 21. Kf1 Nc3 22. Rd7 Nxa2 23. Rcd1 Nc3 24. R1d3 Nb5 25. Bc5 b6 26. Rxe3 Rxe3 27. Bxe3 Bf6 28. c4 Nc3 29. Rd6 Ne4 30. Rxc6 Nxg3+ 31. Kg2 Ne4 32. Nd2 Nxd2 33. Bxd2 Bd4 34. Rd6 Bc5 35. Rd7 a5 36. Kf3 a4 37. bxa4 Rxa4 38. Rd8+ Kh7 39. Bc3 g5 40. f5 g4+ 41. hxg4 hxg4+ 42. Kg3 Kh6 43. Bf6 1-0

[Event "World Blitz 2022"]
[Site "Almaty KAZ"]
[Date "2022.12.29"]
[Round "6.61"]
[White "Pantsulaia, L."]
[Black "Batsuren, Dambasuren"]
[Result "1-0"]
[WhiteElo "2597"]
[BlackElo "2525"]
[PlyCount "80"]
[EventDate "2022.12.29"]
[EventType "blitz"]

1. Nf3 Nf6 2. g3 b5 3. Bg2 Bb7 4. O-O e6 5. b3 c5 6. c4 bxc4 7. bxc4 Be7 8. Nc3 O-O 9. Rb1 Bc6 10. Re1 ({RR} 10. d3 d6 11. e4 Nbd7 12. Qe2 Rb8 13. Bb2 a6 14. Nd2 Qc7 15. f4 Nb6 16. f5 e5 17. g4 h6 18. h4 Nh7 19. Nf3 Na4 20. Nxa4 Bxa4 21. Qd2 Qd8 22. Qf2 g5 23. hxg5 Nxg5 24. Bc3 Nxf3+ {Fiskaaen,M (2283)-Vestby-Ellingsen,M (2398) Fagernes NOR 2025 ½-½}) 10... d6 11. e4 Nbd7 $146 ({RR} 11... e5 12. Nh4 g6 13. d3 Bd7 14. Bh6 Re8 15. Bg5 Nc6 16. Qd2 Nd4 17. Nf3 Ne6 18. Be3 Qc7 19. h3 Reb8 20. Nh2 Rxb1 21. Rxb1 Rb8 22. Rxb8+ Qxb8 23. Ng4 Nxg4 24. hxg4 Bd8 25. Qc1 a5 26. Nd5 {Yu Jiangwei (2280)-Willy,S (2308) Seattle USA 2024 0-1 (47)}) ({RR} 11... Na6 12. d4 cxd4 13. Nxd4 Bd7 14. Ndb5 e5 15. Be3 Nc5 16. Qd2 Be6 17. Red1 Bxc4 18. Nxd6 Bd3 19. Bxc5 Bxb1 20. Rxb1 Qc7 21. Nd5 Qxc5 22. Nxe7+ Kh8 23. Rc1 Qa3 24. Rc7 Rab8 25. Bf1 h6 26. Nc6 {Pantsulaia,L (2564)-Firouzja,A (2786) chess.com INT 2023 1-0 (37)}) 12. d4 Nb6 13. d5 exd5 14. cxd5 Bb7 15. a4 Rb8 16. a5 Nc4 17. Qa4 Ba6 18. Bf1 Qd7 19. Qa2 Rxb1 20. Nxb1 Qb7 21. Bxc4 Bxc4 22. Qxc4 Qxb1 23. e5 dxe5 24. Nxe5 Bd6 25. Nc6 Qf5 26. Bf4 Qd7 27. Bg5 Re8 28. Rxe8+ Nxe8 29. Be3 Nf6 30. Bxc5 Bxc5 31. Qxc5 a6 32. d6 h6 33. Ne7+ Kf8 34. Qc7 Qe6 35. Qc6 Ne8 36. Nc8 Qe1+ 37. Kg2 Qe6 38. h3 h5 39. Qc5 Qe4+ 40. Kh2 Qd3 1-0

[Event "World Blitz 2022"]
[Site "Almaty KAZ"]
[Date "2022.12.29"]
[Round "7.21"]
[White "Petrosian, TL."]
[Black "Yoo, Christopher Woojin"]
[Result "1-0"]
[WhiteElo "2551"]
[BlackElo "2575"]
[PlyCount "48"]
[EventDate "2022.12.29"]
[EventType "blitz"]

1. Nf3 d5 2. g3 Nf6 3. Bg2 c6 4. c4 g6 5. cxd5 cxd5 6. d4 Bg7 7. Nc3 O-O 8. Ne5 e6 9. O-O Nfd7 10. f4 Nc6 11. Be3 Ne7 12. Bf2 b6 13. Rc1 Bb7 14. Qa4 Nf6 15. Rc2 a6 16. Rfc1 b5 $146 ({RR} 16... Rc8 17. Qb3 Qd6 18. e3 Ba8 19. Be1 Qb8 20. Na4 Rxc2 21. Rxc2 Rc8 22. Re2 b5 23. Nc5 Bb7 24. a4 Ne4 25. Ned7 Qd6 26. axb5 axb5 27. Qxb5 Bc6 28. Qb6 Nf5 29. Ne5 Bxe5 30. fxe5 Qe7 31. Nxe4 {Artemenko,O (2327)-Kurbonboeva,S (2131) Tashkent 2011 1-0 (46)}) 17. Qb3 Qd6 18. Na4 Rac8 19. Nc5 Ba8 20. a4 bxa4 21. Qxa4 Ne4 22. b4 Nxf2 23. Kxf2 Nf5 24. e3 Bxe5 1-0

[Event "World Blitz 2022"]
[Site "Almaty KAZ"]
[Date "2022.12.29"]
[Round "7.28"]
[White "Amin, B."]
[Black "Donchenko, Alexa"]
[Result "1-0"]
[WhiteElo "2682"]
[BlackElo "2636"]
[PlyCount "53"]
[EventDate "2022.12.29"]
[EventType "blitz"]

1. Nf3 Nf6 2. g3 c5 3. Bg2 Nc6 4. O-O g6 5. d3 Bg7 6. e4 O-O 7. Re1 d6 8. c3 e5 9. a3 h6 10. b4 Be6 11. Nbd2 b5 12. Bb2 a5 13. a4 axb4 14. axb5 bxc3 15. Bxc3 Nb4 $146 ({RR} 15... Na7 16. Ra5 Bd7 17. Qb3 Qb8 18. b6 Nc6 19. Rxa8 Qxa8 20. Nc4 Qb8 21. Ra1 Bc8 22. Qb5 Bb7 23. Bh3 Rd8 24. Na5 Nxa5 25. Rxa5 Kf8 26. Ra7 Ng8 27. Nd2 Ne7 28. Bd7 Kg8 29. Nc4 d5 30. Na5 {Amin,B (2662)-Debashis,D (2472) Doha 2016 1-0 (33)}) 16. Rxa8 Qxa8 17. Nc4 Qb8 18. Bxb4 cxb4 19. Qa4 Bd7 20. Qxb4 d5 21. Ncxe5 Qxb5 22. Qxb5 Bxb5 23. Nd4 Ba4 24. exd5 Rd8 25. Ndc6 Rd6 26. Nc4 Rxd5 27. Ne7+ 1-0

[Event "World Blitz 2022"]
[Site "Almaty KAZ"]
[Date "2022.12.29"]
[Round "9.20"]
[White "Petrosian, TL."]
[Black "Sychev, K."]
[Result "1-0"]
[WhiteElo "2551"]
[BlackElo "2556"]
[PlyCount "175"]
[EventDate "2022.12.29"]
[EventType "blitz"]

1. Nf3 c5 2. g3 Nc6 3. c4 Nf6 4. Bg2 d5 5. O-O d4 6. e3 e5 7. exd4 exd4 8. d3 Be7 9. Re1 O-O 10. Ne5 Nxe5 11. Rxe5 Bd6 12. Re1 h6 13. Nd2 Bg4 14. Qb3 ({RR} 14. Bf3 Bxf3 15. Qxf3 Qd7 16. Nb3 Kh7 17. Kg2 Rae8 18. Bf4 Bxf4 19. Qxf4 b6 20. Nd2 Rxe1 21. Rxe1 Re8 {½-½ (21) Lim,Z (2251)-Czopor,M (2361) London ENG 2024}) 14... Rb8 15. Ne4 $146 ({RR} 15. Nf3 Qc7 16. Bd2 a6 17. a4 b6 18. Qc2 Bd7 19. b4 Bc6 20. b5 Bb7 21. a5 axb5 22. cxb5 bxa5 23. Bxa5 Qd7 24. Bb6 Bxf3 25. Bxf3 Rxb6 26. Bc6 Rxc6 27. bxc6 Qxc6 28. Qc4 Qf3 29. Ra6 Ng4 {Hund,J-Marschall,J Bad Wildbad 1993 0-1 (48)}) 15... Nxe4 16. Bxe4 Qa5 17. Rd1 Bxd1 18. Qxd1 Rbe8 19. Bd2 Qd8 20. Qf3 b6 21. Qf5 g6 22. Qh3 Be5 23. Bxh6 Bg7 24. Bf4 Be5 25. Bd2 Qf6 26. Kg2 Re7 27. Qg4 Qe6 28. Qf3 Qf6 29. Qg4 Qe6 30. Qh4 Bf6 31. Qh6 Bg7 32. Qf4 Be5 33. Qf3 Qf6 34. Qe2 Bd6 35. Qg4 Qg7 36. Qh4 Re5 37. Bh6 Qh8 38. Bxf8 Qxh4 39. gxh4 Kxf8 40. Bf3 Be7 41. h5 gxh5 42. Be4 Bd6 43. f4 Re6 44. Kf3 Rf6 45. f5 Bxh2 46. Rh1 Bc7 47. Rxh5 Kg7 48. Rg5+ Kf8 49. Rh5 Kg7 50. Rh1 Rh6 51. Rg1+ Kf8 52. Bd5 Rh3+ 53. Ke2 Rh2+ 54. Bg2 Bf4 55. Kf3 Be3 56. Rb1 Rh5 57. Ke4 Rh2 58. Bf3 a5 59. a3 Ke7 60. b4 axb4 61. axb4 Rh4+ 62. Kd5 cxb4 63. Rxb4 Rh6 64. Ke5 Rd6 65. Bd5 f6+ 66. Ke4 Kd8 67. Ra4 Ke7 68. Ra7+ Rd7 69. Ra6 Rd6 70. Kf3 Bd2 71. Ra2 Be3 72. Rh2 Rd8 73. Rb2 Rd6 74. Kg4 Bc1 75. Rb1 Be3 76. Kh5 Bf4 77. Kg6 Be5 78. Ra1 Rd7 79. Ra6 Rd6 80. Be6 Ke8 81. Ra7 Kd8 82. Kf7 Rc6 83. Rd7+ Kc8 84. Rxd4+ Kb8 85. Rd5 Rc5 86. Rxe5 fxe5 87. f6 Kc7 88. Ke7 1-0

[Event "World Blitz 2022"]
[Site "Almaty KAZ"]
[Date "2022.12.29"]
[Round "9.22"]
[White "Harikrishna, P."]
[Black "Ganguly, S."]
[Result "1-0"]
[WhiteElo "2705"]
[BlackElo "2582"]
[PlyCount "92"]
[EventDate "2022.12.29"]
[EventType "blitz"]

1. Nf3 d5 2. g3 c5 3. Bg2 Nc6 4. d4 Nf6 5. O-O e6 6. c4 dxc4 7. dxc5 Qxd1 8. Rxd1 Bxc5 9. Nbd2 b5 10. a4 Ba6 11. Ng5 Rc8 $146 ({RR} 11... Nd5 12. Nde4 Bb4 13. Nc3 {½-½ (13) Thybo,J (2575)-Korpa,B (2536) Benasque 2021}) ({RR} 11... Nd5 12. Nde4 Bb4 13. Nc3 Bxc3 14. bxc3 b4 15. Ne4 O-O 16. Nc5 Bc8 17. cxb4 Ncxb4 18. Ba3 Nc2 19. Ra2 Nxa3 20. Rxa3 Rb8 21. e4 Nf6 22. Rc3 Rb4 23. Bf1 e5 24. f3 h5 25. Bxc4 Bh3 26. Nd3 {Keymer,V (2664)-Aronian,L (2772) chess24.com INT 2022 ½-½ (74)}) ({RR} 11... Nd5 12. Nde4 Bb4 13. Nxf7 Kxf7 14. Ng5+ Kf6 15. Nxe6 Nce7 16. axb5 Bb7 17. Nd4 Kf7 18. Ra4 c3 19. Rd3 a5 20. bxc3 Bxc3 21. Rf3+ Kg6 22. Nc6 Bf6 23. Ne5+ {1-0 (23) Harikrishna,P (2695)-Warmerdam,M (2646) Wijk aan Zee NED 2025}) 12. Nde4 Bb4 13. Bd2 Nxe4 14. Nxe4 Be7 15. axb5 Bxb5 16. Nc3 Nd4 17. e3 Nb3 18. Nxb5 Nxa1 19. Rxa1 Bc5 20. Nxa7 Rd8 21. Bc6+ Ke7 22. Bc3 Kd6 23. Bf3 f6 24. Ra6+ Kd7 25. Ra4 Ra8 26. Bxa8 Rxa8 27. Rxc4 Bxa7 28. Ra4 e5 29. h4 h5 30. Ra6 Kc7 31. Bb4 Kb7 32. Re6 Rg8 33. Kg2 Bb8 34. Kf3 Kc7 35. Ke4 Kd7 36. Kf5 Bc7 37. Re7+ Kc6 38. Kg6 Rb8 39. Bc3 e4 40. Kxh5 Bd6 41. Rxe4 Kd5 42. Ra4 Ke6 43. Kg6 Bf8 44. g4 Rc8 45. f4 Rd8 46. Re4+ Kd5 1-0

[Event "World Blitz 2022"]
[Site "Almaty KAZ"]
[Date "2022.12.29"]
[Round "10.12"]
[White "Keymer, Vincent"]
[Black "Tomashevsky, E."]
[Result "1-0"]
[WhiteElo "2696"]
[BlackElo "2694"]
[PlyCount "47"]
[EventDate "2022.12.29"]
[EventType "blitz"]

1. Nf3 d5 2. e3 Nf6 3. c4 e6 4. Nc3 Be7 5. b3 c5 6. Bb2 Nc6 7. cxd5 exd5 8. d4 O-O ({RR} 8... cxd4 9. Nxd4 O-O 10. Be2 Be6 11. O-O Rc8 12. Rc1 Bd6 13. Nxe6 fxe6 14. g3 a6 15. Bf3 Ne5 16. Bg2 Qe7 17. e4 dxe4 18. Nxe4 Rxc1 19. Bxc1 Nxe4 20. Bxe4 h6) 9. Be2 Ne4 10. dxc5 Qa5 11. Rc1 Bf6 12. Nd4 Nxc5 13. Nxc6 bxc6 14. O-O Bf5 $146 ({RR} 14... Ne4 15. Qe1 Bxc3 16. Bxc3 Qxa2 17. Ba5 Qxb3 18. Rxc6 Bd7 19. Rc1 Rfc8 20. Rb1 Qa2 21. Ra1 Qb2 22. Rb1 Qe5 23. Ba6 Rc6 24. Qe2 Nc3 25. Bxc3 Rxc3 26. Qb2 Re8 27. Qa1 h5 28. Rfd1 Bc6 29. Rd4 {Sindarov,J (2684)-Ansat,A (2421) Dubai Police Officers Club, A 2024 1-0 (52)}) 15. Qd2 Ne4 16. Nxe4 Qxd2 17. Nxd2 Bxb2 18. Rxc6 Rac8 19. Rd6 Rc2 20. Rxd5 g6 21. Bd1 Rc1 22. Bf3 Rc3 23. Nc4 Bc1 24. Rdd1 1-0

[Event "World Blitz 2022"]
[Site "Almaty KAZ"]
[Date "2022.12.29"]
[Round "10.36"]
[White "Anton Guijarro, D."]
[Black "Christiansen, Johan-Sebastian"]
[Result "1-0"]
[WhiteElo "2675"]
[BlackElo "2578"]
[PlyCount "73"]
[EventDate "2022.12.29"]
[EventType "blitz"]

1. Nf3 c5 2. b3 d6 3. c4 e5 4. Nc3 f5 5. g3 Nf6 6. Bg2 Nc6 7. O-O g6 8. d3 Bg7 9. Bg5 h6 $146 ({RR} 9... O-O 10. Nd5 Be6 11. Nd2 Qd7 12. Bxf6 Bxf6 13. Rb1 Kg7 14. a3 Bxd5 15. Bxd5 a5 16. e3 Rab8 17. Rc1 b5 18. Nb1 Ne7 19. Bg2 Rfe8 20. Nc3 b4 21. axb4 Rxb4 22. Nb5 Rb8 23. Ra1 R8xb5 24. cxb5 {Artemiev,V (2700)-Christiansen,J (2582) Warsaw 2021 1-0 (48)}) 10. Bxf6 Bxf6 11. Nd5 O-O 12. Rb1 Be6 13. a3 Bxd5 14. cxd5 Ne7 15. Nd2 Qd7 16. b4 Rfc8 17. Nc4 cxb4 18. axb4 Kg7 19. Qb3 Rc7 20. Qa3 Nc8 21. Rfc1 Be7 22. e4 h5 23. Bh3 Bf8 24. exf5 gxf5 25. Ne3 Ne7 26. Rxc7 Qxc7 27. Bxf5 Qb6 28. Rc1 a5 29. b5 Nxf5 30. Nxf5+ Kf6 31. Ne3 Qxb5 32. Qa2 Qxd3 33. Qa4 Qd2 34. Qh4+ Kg6 35. Rc7 a4 36. g4 Qc1+ 37. Rxc1 1-0

[Event "World Blitz 2022"]
[Site "Almaty KAZ"]
[Date "2022.12.29"]
[Round "11.16"]
[White "Harikrishna, P."]
[Black "Le Tuan Minh"]
[Result "1-0"]
[WhiteElo "2705"]
[BlackElo "2542"]
[PlyCount "115"]
[EventDate "2022.12.29"]
[EventType "blitz"]

1. Nf3 d5 2. g3 Nd7 3. c4 c6 4. cxd5 cxd5 5. d4 Ngf6 6. Bg2 e6 7. O-O Bd6 8. Nc3 O-O 9. Bf4 $146 ({RR} 9. Nd2 Qb6 10. Nb3 Rd8 11. a4 h6 12. a5 Qc6 13. Re1 b5 14. e4 b4 15. Nxd5 exd5 16. e5 Bf8 17. exf6 Nxf6 18. Bf4 Bg4 19. f3 Bf5 20. Rc1 Qa4 21. Nc5 Qxd1 22. Rexd1 g5 23. Be5 Nd7 {Orendy,E-Hevizi,L Budapest 1959 ½-½ (81)}) 9... Bxf4 10. gxf4 b6 11. Rc1 a6 12. e3 Bb7 13. Rc2 Rc8 14. Qe2 Rc7 15. Rfc1 Qb8 16. Ne5 Rfc8 17. Qd1 b5 18. Ne2 Nf8 19. Rxc7 Rxc7 20. Rxc7 Qxc7 21. Qc1 Qb6 22. a3 Ne8 23. Qc5 Qd6 24. Nc3 f6 25. Qxd6 Nxd6 26. Nd3 Kf7 27. a4 bxa4 28. Nxa4 Ke7 29. Ndc5 Bc6 30. b4 Nd7 31. Bf1 Nc4 32. Nxd7 Bxa4 33. Nc5 Bb5 34. Bxc4 dxc4 35. Kf1 Kd6 36. Ne4+ Kd5 37. Nc3+ Kd6 38. Ke2 Bc6 39. e4 g5 40. fxg5 fxg5 41. Ke3 e5 42. d5 Bd7 43. Nb1 Ke7 44. Na3 Bb5 45. Kd2 g4 46. Kc3 Kf6 47. Nxc4 h5 48. Nd6 Bd7 49. Kd2 Kg5 50. Ke3 Kf6 51. Nc4 Bb5 52. Nd2 Kg5 53. Nb3 Kh4 54. d6 Kh3 55. Nc5 Kxh2 56. d7 Bxd7 57. Nxd7 g3 58. fxg3 1-0

[Event "World Blitz 2022"]
[Site "Almaty KAZ"]
[Date "2022.12.29"]
[Round "11.49"]
[White "Aravindh, Chithambaram VR."]
[Black "Tin, Jingyao"]
[Result "1-0"]
[WhiteElo "2607"]
[BlackElo "2562"]
[PlyCount "69"]
[EventDate "2022.12.29"]
[EventType "blitz"]

1. g3 d5 2. Nf3 Nf6 3. Bg2 c6 4. O-O Bg4 5. d4 Nbd7 6. Nbd2 e6 7. c4 Be7 8. b3 O-O 9. Bb2 a5 10. Re1 a4 11. h3 ({RR} 11. e4 Bb4 12. exd5 cxd5 13. Re3 axb3 14. Rxb3 Qe7 15. c5 Bxd2 16. Qxd2 Ne4 17. Qf4 Bxf3 18. Bxf3 Ndf6 19. a4 Qd7 20. a5 Ra7 21. Be2 Ne8 22. f3 N4f6 23. Qb8 Ra6 24. Qxb7 Nc7 25. Bxa6 {1-0 (25) Moussard,J (2651)-Khubukshanov,E (2392) Chess.com INT 2022}) 11... Bh5 12. e4 $146 ({RR} 12. Qc1 b5 13. c5 h6 14. b4 Bg6 15. a3 Ne4 16. Nxe4 Bxe4 17. Bc3 f5 18. Bf1 f4 19. gxf4 Qe8 20. Qe3 Rf6 {½-½ (20) Albrecht,O (2147)-Kurth,J (2264) Germany GER 2024}) 12... dxe4 13. Nxe4 Bb4 14. Nxf6+ Nxf6 15. Re3 a3 16. Bc3 Bxc3 17. Rxc3 Qa5 18. Qe1 Rfd8 19. Rd1 Bxf3 20. Bxf3 Rd7 21. Qe3 Rad8 22. Rcd3 Qb4 23. h4 Ne8 24. d5 exd5 25. cxd5 cxd5 26. Rxd5 Rxd5 27. Rxd5 Rc8 28. Rd7 Nf6 29. Rxb7 Qd6 30. Qe7 Qxe7 31. Rxe7 h6 32. Ra7 g5 33. hxg5 hxg5 34. Rxa3 g4 35. Ra8 1-0

[Event "World Blitz 2022"]
[Site "Almaty KAZ"]
[Date "2022.12.29"]
[Round "12.27"]
[White "Murzin, Volodar"]
[Black "Gelfand, B."]
[Result "1-0"]
[WhiteElo "2561"]
[BlackElo "2667"]
[PlyCount "53"]
[EventDate "2022.12.29"]
[EventType "blitz"]

1. Nf3 c5 2. g3 Nc6 3. Bg2 g6 4. O-O Bg7 5. d3 d6 6. e4 e5 7. a4 Nge7 8. Na3 ({RR} 8. Nc3 O-O 9. Nd2 Be6 10. Nc4 Qd7 11. Ne3 f5 12. exf5 gxf5 13. Ned5 Kh8 14. f4 Ng6 15. Kh1 Rae8 16. Bd2 b6 17. Qh5 Nd4 18. Rac1 Qf7 19. fxe5 dxe5 20. Ne3 f4 21. Ne4 Qd7 22. Ng5 Bg8 {Brady,T (2164)-Hansen,S (2505) chess.com INT 2025 1-0 (40)}) 8... O-O 9. Nc4 h6 10. Kh1 $146 ({RR} 10. Bd2 Be6 11. Qc1 Kh7 12. Nh4 d5 13. exd5 Bxd5 14. Re1 Bxg2 15. Nxg2 Nd4 16. Qd1 Qd5 17. Nge3 Qc6 18. Na5 Qc7 19. c3 Ne6 20. Nac4 Rad8 21. Qe2 f5 22. Rad1 Nc6 23. Bc1 b6 24. Ng2 f4 {Salman,P (2287)-Mirzoev,A (2447) chess.com INT 2024 0-1 (48)}) 10... Be6 11. c3 f5 12. Qe2 Qd7 13. Bd2 Rf7 14. Rae1 Raf8 15. Ng1 f4 16. Bc1 g5 17. f3 Ng6 18. Qd1 h5 19. Rf2 g4 20. Ref1 fxg3 21. hxg3 h4 22. Ne2 h3 23. f4 hxg2+ 24. Kxg2 d5 25. Ne3 dxe4 26. dxe4 exf4 27. gxf4 1-0

[Event "World Blitz 2022"]
[Site "Almaty KAZ"]
[Date "2022.12.29"]
[Round "12.40"]
[White "Amin, B."]
[Black "Dragnev, Valentin"]
[Result "1-0"]
[WhiteElo "2682"]
[BlackElo "2556"]
[PlyCount "63"]
[EventDate "2022.12.29"]
[EventType "blitz"]

1. Nf3 Nf6 2. g3 b5 3. Bg2 Bb7 4. O-O e6 5. d3 Be7 6. e4 d6 7. Nd4 c6 ({RR} 7... a6 8. Nb3 c5 9. e5 Bxg2 10. exf6 Bxf1 11. fxe7 Qxe7 12. Qxf1 Nc6 13. Be3 O-O 14. Nc3 f5 15. Qg2 Rac8 16. a3 Qf6 17. Rd1 Nd4 18. f4 Rfe8 19. Bxd4 cxd4 20. Na2 Qd8 21. Rf1 Qb6 22. Qf2 {Aronian,L (2801)-Ipatov,A (2630) Antalya 2013 1-0 (39)}) ({RR} 7... b4 8. e5 Bxg2 9. exf6 Bxf6 10. Nxe6 fxe6 11. Kxg2 Qd7 12. Qh5+ g6 13. Qg4 Nc6 14. Nd2 d5 15. Qd1 O-O 16. h4 Rf7 17. h5 Raf8 18. Nb3 e5 19. a3 bxa3 20. Rxa3 Qf5 21. Ra6 Nb4 22. Ra4 {Edouard,R (2523)-Martins,D (2412) Switzerland SUI 2024 1-0 (70)}) ({RR} 7... a6 8. Nb3 e5 9. f4 a5 10. a4 bxa4 11. Rxa4 c5 12. fxe5 dxe5 13. Be3 Bc6 14. Ra1 Nbd7 15. Nc3 a4 16. Nd2 Nb6 17. h3 O-O 18. g4 Nfd7 19. Nf3 Qc7 20. g5 c4 21. d4 exd4 22. Nxd4 {Amin,B (2667)-Chitre Arush (2235) Ajka HUN 2024 1-0 (32)}) 8. f4 $146 ({RR} 8. a4 b4 9. Nb3 O-O 10. Qe1 d5 11. e5 Nfd7 12. f4 Qc7 13. Be3 c5 14. N1d2 Nc6 15. Nf3 Ba6 16. Qe2 c4 17. Nbd4 Nxd4 18. Nxd4 Nc5 19. Nb5 Bxb5 20. axb5 cxd3 21. cxd3 Nb3 22. Ra6 Bc5 {Kerem,H (2223)-Percivaldi,M (2388) Karlsruhe 2019 1-0 (38)}) 8... O-O 9. Kh1 a6 10. Nf3 c5 11. Be3 d5 12. e5 Ng4 13. Bg1 d4 14. h3 Nh6 15. g4 Nd7 16. Nbd2 Kh8 17. Ne4 f6 18. exf6 gxf6 19. Qe2 Nf7 20. Ng3 Bd5 21. Rae1 Nd6 22. Nh4 f5 23. Nhxf5 Bxg2+ 24. Kxg2 exf5 25. Qxe7 Qc7 26. Re6 Nc8 27. Qg5 Qb7+ 28. Kh2 Qd5 29. Nxf5 Rg8 30. Re8 Qf7 31. Rfe1 Nf6 32. Nh6 1-0